Handbuch des Polizeirechts: Gefahrenabwehr, Strafverfolgung, Rechtsschutz
| Main Author: | |
|---|---|
| Contributors: | ; ; |
| Format: | Print Book |
| Language: | German |
| Published: |
München
Beck
2007
|
| In: | Year: 2007 |
| Edition: | 4., neu bearb. und erw. Aufl. |
| Online Access: |
Table of Contents Table of Contents |
| Availability in Tübingen: | Present in Tübingen. IFK: J III 247 |
| Check availability: | HBZ Gateway |
| Subito Delivery Service: | Order now. |
| Keywords: |
MARC
| LEADER | 00000cam a2200000 c 4500 | ||
|---|---|---|---|
| 001 | 524215138 | ||
| 003 | DE-627 | ||
| 005 | 20260206193301.0 | ||
| 007 | tu | ||
| 008 | 070214s2007 gw ||||| 00| ||ger c | ||
| 010 | |a 2008386104 | ||
| 015 | |a 06,N51,0773 |2 dnb | ||
| 015 | |a 06,N51,0773 |2 dnb | ||
| 016 | 7 | |a 982104855 |2 DE-101 | |
| 020 | |a 3406554326 |c : ca. EUR 118.00 |9 3-406-55432-6 | ||
| 020 | |a 9783406554322 |c : ca. EUR 118.00 |9 978-3-406-55432-2 | ||
| 024 | 3 | |a 9783406554322 | |
| 035 | |a (DE-627)524215138 | ||
| 035 | |a (DE-603)184037573 | ||
| 035 | |a (DE-576)260282189 | ||
| 035 | |a (DE-599)GBV524215138 | ||
| 035 | |a (OCoLC)180975601 | ||
| 035 | |a (OCoLC)180975601 | ||
| 035 | |a (OCoLC)155834052 | ||
| 040 | |a DE-627 |b ger |c DE-627 |e rakwb | ||
| 041 | |a ger | ||
| 044 | |c XA-DE |c XA-DE-BY | ||
| 050 | 0 | |a KK6004 | |
| 082 | 0 | |a 344.43052 | |
| 082 | 0 | 4 | |a 340 |
| 084 | |a 2 |2 ssgn | ||
| 084 | |a PN 355 |q DE-208 |2 rvk |0 (DE-625)rvk/137435: | ||
| 084 | |a 86.54 |2 bkl | ||
| 090 | |a a | ||
| 245 | 0 | 0 | |a Handbuch des Polizeirechts |b Gefahrenabwehr, Strafverfolgung, Rechtsschutz |c hrsg. von Hans Lisken; Erhard Denninger. Unter Mitw. von Frederik Rachor. Bearb. von Hans Boldt ... |
| 250 | |a 4., neu bearb. und erw. Aufl. | ||
| 264 | 1 | |a München |b Beck |c 2007 | |
| 300 | |a XXXII, 1437 S. |c 25 cm | ||
| 336 | |a Text |b txt |2 rdacontent | ||
| 337 | |a ohne Hilfsmittel zu benutzen |b n |2 rdamedia | ||
| 338 | |a Band |b nc |2 rdacarrier | ||
| 500 | |a Literaturverz. S. XIII - [XVI]. - Literaturangaben | ||
| 505 | 8 | |a Literaturverz. S. XIII - [XVI] | |
| 505 | 8 | |a Literaturverz. S. XIII - [XVI] | |
| 650 | 0 | |a Police |z Germany | |
| 650 | 0 | |a Police regulations |z Germany | |
| 650 | 0 | |a Law Enforcement |z Germany | |
| 689 | 0 | 0 | |d g |0 (DE-588)4011882-4 |0 (DE-627)104704861 |0 (DE-576)208896155 |a Deutschland |2 gnd |
| 689 | 0 | 1 | |d s |0 (DE-588)4115591-9 |0 (DE-627)105813117 |0 (DE-576)209494530 |a Polizeirecht |2 gnd |
| 689 | 0 | |5 DE-101 | |
| 700 | 1 | |a Lisken, Hans |d 1931-2004 |e HerausgeberIn |0 (DE-588)133797007 |0 (DE-627)556384342 |0 (DE-576)169406105 |4 edt | |
| 700 | 1 | |a Denninger, Erhard |d 1932-2021 |e HerausgeberIn |0 (DE-588)120144867 |0 (DE-627)08047652X |0 (DE-576)160709369 |4 edt | |
| 700 | 1 | |8 1\p |a Rachor, Frederik |0 (DE-588)1282818279 |0 (DE-627)183862421X |4 oth | |
| 700 | 1 | |a Boldt, Hans |d 1930-2024 |e Bearb. |0 (DE-588)122733479 |0 (DE-627)082121915 |0 (DE-576)29339864X |4 adp | |
| 856 | 4 | 2 | |u http://www.gbv.de/dms/ilmenau/toc/524215138.PDF |m V:DE-601 |m B:DE-ilm1 |q pdf/application |x Verlag |y Inhaltsverzeichnis |3 Inhaltsverzeichnis |7 1 |
| 856 | 4 | 2 | |u http://scans.hebis.de/HEBCGI/show.pl?18403757_toc.pdf |m V:DE-604 |q application/pdf |3 Inhaltsverzeichnis |7 1 |
| 883 | |8 1\p |a cgwrk |d 20241001 |q DE-101 |u https://d-nb.info/provenance/plan#cgwrk | ||
| 935 | |i sf | ||
| 935 | |h HEB |i 0501 | ||
| 935 | |h HEB |i 0503 | ||
| 936 | r | v | |a PN 355 |b Gesamtdarstellungen, Kommentare |k Rechtswissenschaft |k Verwaltungswissenschaften und Verwaltungsrecht |k Besonderes Verwaltungsrecht |k Recht der öffentlichen Sicherheit und Ordnung |k Allgemeines (mehrere Bundesländer insgesamt betreffend) |k Gesamtdarstellungen, Kommentare |0 (DE-627)1271300966 |0 (DE-625)rvk/137435: |0 (DE-576)201300966 |
| 936 | b | k | |a 86.54 |j Polizeirecht |j Ordnungsrecht |0 (DE-627)106422308 |
| 936 | s | n | |a p100 |2 mzub |
| 936 | s | n | |a m200 |2 mzub |
| 951 | |a BO | ||
| ELC | |b 1 | ||
| LOK | |0 000 xxxxxcx a22 zn 4500 | ||
| LOK | |0 001 3090296993 | ||
| LOK | |0 003 DE-627 | ||
| LOK | |0 004 524215138 | ||
| LOK | |0 005 20151125145513 | ||
| LOK | |0 008 070622||||||||||||||||ger||||||| | ||
| LOK | |0 040 |a DE-21-110 |c DE-627 |d DE-21-110 | ||
| LOK | |0 541 |e 07/168 | ||
| LOK | |0 689 |a s |a Polizeirecht | ||
| LOK | |0 689 |a s |a Polizeiarbeit | ||
| LOK | |0 689 |a s |a Polizeiaufgaben | ||
| LOK | |0 689 |a s |a Gefahrenabwehr | ||
| LOK | |0 689 |a s |a Strafverfolgung | ||
| LOK | |0 689 |a s |a Rechtsschutz | ||
| LOK | |0 689 |a s |a Strafverfahren | ||
| LOK | |0 689 |a g |a Deutschland | ||
| LOK | |0 689 |a g |a Europa | ||
| LOK | |0 689 |a f |a Handbuch | ||
| LOK | |0 852 |a DE-21-110 | ||
| LOK | |0 852 1 |c J III 247 |m p |9 00 | ||
| LOK | |0 936ln |a 4.5.1.4 | ||
| LOK | |0 938 |k p | ||
| LOK | |0 939 |a 22-06-07 |b l01 | ||
| ORI | |a SA-MARC-krimdoka001.raw | ||
| SIG | |a IFK: J III 247 | ||
| TIM | |a 100019901003_100020261231 |b 1990-10-03 - 2026 | ||
